NCAAM Basketball Logo Quiz: MEAC - Statistics

General Stats
  • This quiz has been taken 173 times
  • The average score is 6 of 8
Answer Stats
Picture Answer % Correct
South Carolina St.
93%
Howard
89%
Norfolk St.
81%
Delaware St.
78%
Coppin St.
72%
Morgan St.
61%
North Carolina Central
61%
Maryland-Eastern Shore
51%
No matching quizzes found
Score Distribution
Percent of People with Each Score
Percentile by Number Answered
Your Score History
You have not taken this quiz